हिन्दु-मुस्लिम रिश्तेः नया शोध, नए निष्कर्ष / (Record no. 64157)

MARC details
000 -LEADER
fixed length control field 00889nam a22001817a 4500
005 - DATE AND TIME OF LATEST TRANSACTION
control field 20120320094615.0
020 ## - INTERNATIONAL STANDARD BOOK NUMBER
Terms of availability 495.00
International Standard Book Number 8126709472
035 ## - SYSTEM CONTROL NUMBER
System control number B-202990
037 ## - SOURCE OF ACQUISITION
Source of stock number/acquisition
Stock number dpl
082 ## - DEWEY DECIMAL CLASSIFICATION NUMBER
Classification number 305.6
100 ## - MAIN ENTRY--PERSONAL NAME
Personal name वार्ष्णेय, आशुतोष
245 1# - TITLE STATEMENT
Title हिन्दु-मुस्लिम रिश्तेः नया शोध, नए निष्कर्ष /
Statement of responsibility, etc आशुतोष वार्ष्णेय
260 ## - PUBLICATION, DISTRIBUTION, ETC. (IMPRINT)
Place of publication, distribution, etc नई दिल्ली
Name of publisher, distributor, etc राजकमल प्रकाशन
Date of publication, distribution, etc 2005
270 ## - ADDRESS
Address
City
Postal code
Telephone number
300 ## - PHYSICAL DESCRIPTION
Extent 380पृ.
Dimensions 22सेमी (सजिल्द)
942 ## - ADDED ENTRY ELEMENTS (KOHA)
Institution code [OBSOLETE] dpl
Item type Hindi Books
Call number prefix
Source of classification or shelving scheme Dewey Decimal Classification
Classification part 305.6
Call number suffix वार्ष्णेय
Holdings
Withdrawn status Lost status Not for loan Collection code Home library Current library Date acquired Cost, normal purchase price Full call number Barcode Cost, replacement price Koha item type
      Non-fiction Sarojini Nagar Sarojini Nagar 20/03/2012 495.00 305.6 वार्ष्णेय B-202990 495.00 Hindi Books

© Delhi Public Library
Hit Counter
free hit counter